[Event "13th EICC"]
[Site "Plovdiv BUL"]
[Date "2012.03.23"]
[Round "4.18"]
[White "Kobalia, Mikhail"]
[Black "Hovhannisyan, Robert"]
[Result "1/2-1/2"]
[WhiteTitle "GM"]
[BlackTitle "GM"]
[WhiteElo "2666"]
[BlackElo "2600"]
[WhiteFideId "4119150"]
[BlackFideId "13302507"]
[EventDate "2012.03.20"]
[EventType "swiss"]

1. e4 e5 2. Nf3 Nc6 3. Bb5 Nf6 4. d3 Bc5 5. O-O Nd4 6. Nxd4 Bxd4 7. Nd2 O-O 8.
Nf3 Bb6 9. Nxe5 d5 10. Bf4 c6 11. Ba4 dxe4 12. dxe4 Qxd1 13. Raxd1 Nxe4 14. Bb3
Nc5 15. Nc4 Nxb3 16. axb3 Bf5 17. Nxb6 axb6 18. Rd2 Rfd8 19. Rxd8+ Rxd8 20. c3
f6 21. Re1 Kf7 22. f3 Bc2 23. b4 Rd1 24. Rxd1 Bxd1 25. Kf2 Ke6 26. b5 cxb5 27.
b4 Bb3 28. Be3 Bc4 29. Bf4 Bb3 30. Be3 Bc4 31. Bf4 Bb3 1/2-1/2

[Event "13th EICC"]
[Site "Plovdiv BUL"]
[Date "2012.03.23"]
[Round "4.20"]
[White "Lysyj, Igor"]
[Black "Esen, Baris"]
[Result "0-1"]
[WhiteTitle "GM"]
[BlackTitle "GM"]
[WhiteElo "2656"]
[BlackElo "2555"]
[WhiteFideId "4150120"]
[BlackFideId "6302114"]
[EventDate "2012.03.20"]
[EventType "swiss"]

1. d4 d5 2. c4 c6 3. Nf3 Nf6 4. e3 Bf5 5. Nc3 e6 6. Nh4 Be4 7. f3 Bg6 8. Qb3 Qc7
9. Bd2 Be7 10. O-O-O a6 11. c5 Nbd7 12. Na4 Rb8 13. Be1 e5 14. g4 b6 15. cxb6
Nxb6 16. Nxb6 Nd7 17. Nxg6 hxg6 18. dxe5 Rxb6 19. Ba5 Rxb3 20. Bxc7 Rxe3 21. Rd3
Rxd3 22. Bxd3 Nc5 23. Be2 Kd7 24. Bb6 Bg5+ 25. Kc2 Ne6 26. Bf2 Bf4 27. Bxa6 Ra8
28. Bd3 Rxa2 29. Bg3 Ra4 30. Kc3 Be3 31. Rb1 Ra5 32. Bf1 g5 33. b4 Ra3+ 34. Kb2
Ra8 35. Rd1 Bd4+ 36. Kb3 Rb8 37. Ka3 Ra8+ 38. Kb3 Rb8 39. Ka3 Rb7 40. Rd3 g6 41.
Rd1 Bc3 0-1

[Event "13th EICC"]
[Site "Plovdiv BUL"]
[Date "2012.03.23"]
[Round "4.21"]
[White "Nyzhnyk, Illya"]
[Black "Ragger, Markus"]
[Result "1/2-1/2"]
[WhiteTitle "GM"]
[BlackTitle "GM"]
[WhiteElo "2585"]
[BlackElo "2654"]
[WhiteFideId "14118084"]
[BlackFideId "1610856"]
[EventDate "2012.03.20"]
[EventType "swiss"]

1. d4 d5 2. c4 c6 3. Nf3 Nf6 4. Nc3 dxc4 5. a4 Bf5 6. e3 e6 7. Bxc4 Bb4 8. O-O
Nbd7 9. Qe2 O-O 10. e4 Bg6 11. Bd3 Bh5 12. e5 Nd5 13. Nxd5 cxd5 14. Qe3 Bg6 15.
Bxg6 fxg6 16. Ng5 Re8 17. a5 Rc8 18. Ra4 Bxa5 19. Qf3 Re7 20. Nxe6 Rxe6 21. Qxd5
Nc5 22. Qxd8+ Bxd8 23. dxc5 Rxe5 24. Be3 a6 25. Rb4 Be7 26. Rxb7 Bxc5 27. Bxc5
Rexc5 28. Re1 R5c7 29. Rb6 Rc6 30. Rb7 R6c7 31. Rb6 Rc6 32. Rb7 R6c7 1/2-1/2

[Event "13th EICC"]
[Site "Plovdiv BUL"]
[Date "2012.03.23"]
[Round "4.22"]
[White "Pap, Gyula"]
[Black "Sokolov, Ivan"]
[Result "0-1"]
[WhiteTitle "GM"]
[BlackTitle "GM"]
[WhiteElo "2538"]
[BlackElo "2653"]
[WhiteFideId "725323"]
[BlackFideId "14400030"]
[EventDate "2012.03.20"]
[EventType "swiss"]

1. Nf3 d5 2. d4 e6 3. c4 Bb4+ 4. Bd2 a5 5. g3 Nc6 6. Qc2 Nge7 7. Bg2 e5 8. dxe5
Bf5 9. Qc1 d4 10. O-O O-O 11. Bg5 h6 12. Bxe7 Qxe7 13. Qf4 Qd7 14. Rd1 Rad8 15.
Nc3 f6 16. a3 Bc5 17. Nd5 fxe5 18. Nxe5 Qe8 19. Nf3 Qxe2 20. Rd2 Qxc4 21. Ne3
Qf7 22. Nxf5 Qxf5 23. Qxf5 Rxf5 24. Rc1 Bb6 25. Ne1 Ne5 26. Bxb7 d3 27. Kg2 Bxf2
28. Be4 Be3 29. Bxf5 Bxd2 30. Rd1 Bxe1 31. Rxe1 d2 32. Rd1 g5 33. Bc2 Kg7 34. b3
a4 35. Kf2 axb3 36. Bxb3 c5 37. Rb1 c4 38. Bc2 c3 39. Ke2 Nc6 40. Rb7+ Kf8 41.
Ba4 Nd4+ 42. Ke3 Nf5+ 43. Ke2 Ra8 0-1

[Event "13th EICC"]
[Site "Plovdiv BUL"]
[Date "2012.03.23"]
[Round "4.23"]
[White "Timofeev, Artyom"]
[Black "Durarbayli, Vasif"]
[Result "1-0"]
[WhiteTitle "GM"]
[BlackTitle "GM"]
[WhiteElo "2650"]
[BlackElo "2543"]
[WhiteFideId "4140419"]
[BlackFideId "13402935"]
[EventDate "2012.03.20"]
[EventType "swiss"]

1. d4 Nf6 2. c4 c5 3. d5 b5 4. cxb5 a6 5. bxa6 Bxa6 6. Nc3 g6 7. Nf3 d6 8. g3
Nbd7 9. Rb1 Bg7 10. Bg2 O-O 11. O-O Qa5 12. Bd2 Rfb8 13. Qc2 Nb6 14. b3 Qa3 15.
Bc1 Qa5 16. Bd2 Qa3 17. Bc1 Qa5 18. Rd1 Ne8 19. Bd2 Qa3 20. Bc1 Qa5 21. Bb2 Nc7
22. h4 Bc8 23. Qd2 Bf5 24. Rbc1 Nd7 25. h5 Nf6 26. h6 Bf8 27. Qg5 Rb4 28. Nd2
Rg4 29. Qe3 Rd4 30. Nc4 Qa7 31. Bf3 Bg4 32. Qg5 Bxf3 33. exf3 Qb7 34. Nxd6 exd6
35. Qxf6 Bxh6 36. Qxd6 Bxc1 37. Rxc1 Nxd5 38. Ne4 Qe7 39. Qc6 Rd8 40. Bxd4 cxd4
41. Rd1 Nb4 42. Qc4 Nxa2 43. Rxd4 Rxd4 44. Qxd4 h5 45. Nf6+ Kf8 46. Nd5 Qe1+ 47.
Kg2 Kg8 48. b4 Qb1 49. Qe5 Nc1 50. Nf6+ Kf8 51. Nd7+ Kg8 52. Qe8+ 1-0

[Event "13th EICC"]
[Site "Plovdiv BUL"]
[Date "2012.03.23"]
[Round "4.33"]
[White "Areshchenko, Alexander"]
[Black "Szabo, Gergely-Andras-Gyula"]
[Result "1-0"]
[WhiteTitle "GM"]
[BlackTitle "GM"]
[WhiteElo "2688"]
[BlackElo "2553"]
[WhiteFideId "14109530"]
[BlackFideId "1205064"]
[EventDate "2012.03.20"]
[EventType "swiss"]

1. e4 e5 2. Nf3 Nf6 3. d4 Nxe4 4. Bd3 d5 5. Nxe5 Nd7 6. O-O Bd6 7. Nxd7 Bxd7 8.
Nc3 Nxc3 9. bxc3 O-O 10. Qh5 f5 11. Rb1 b6 12. Re1 c6 13. Bg5 Qc7 14. c4 Be8 15.
Qh3 dxc4 16. Bxf5 h6 17. Be6+ Bf7 18. Bxh6 gxh6 19. Qxh6 Bxh2+ 20. Qxh2 Qxh2+
21. Kxh2 Bxe6 22. Rxe6 Rxf2 23. Rxc6 Rxc2 24. Rc7 Rxa2 25. Rb5 Ra5 26. Rxa5 bxa5
27. Kg3 Rd8 28. Rxc4 Kf7 29. Kf4 Ke6 30. g4 Rb8 31. Rc5 Rd8 32. Ke4 Rg8 33. g5
a4 34. Ra5 a3 35. Ra6+ Kd7 36. g6 a2 37. Rxa7+ 1-0

[Event "13th EICC"]
[Site "Plovdiv BUL"]
[Date "2012.03.23"]
[Round "4.34"]
[White "Akopian, Vladimir"]
[Black "Popov, Valerij"]
[Result "1-0"]
[WhiteTitle "GM"]
[BlackTitle "GM"]
[WhiteElo "2684"]
[BlackElo "2546"]
[WhiteFideId "13300032"]
[BlackFideId "4119410"]
[EventDate "2012.03.20"]
[EventType "swiss"]

1. d4 Nf6 2. c4 e6 3. Nf3 d5 4. Nc3 Bb4 5. cxd5 exd5 6. Bg5 h6 7. Bh4 g5 8. Bg3
Ne4 9. Nd2 Nxc3 10. bxc3 Bxc3 11. Rc1 Ba5 12. e3 c6 13. Bd3 h5 14. O-O h4 15.
Be5 f6 16. Bxb8 Rxb8 17. e4 Be6 18. Nb3 dxe4 19. Bxe4 Bxb3 20. Qxb3 Kf8 21. d5
cxd5 22. Rcd1 d4 23. Bg6 Qe7 24. Rxd4 Kg7 25. Bf5 Rhd8 26. Re4 Qc5 27. Qf3 b5
28. Qh5 1-0

[Event "13th EICC"]
[Site "Plovdiv BUL"]
[Date "2012.03.23"]
[Round "4.35"]
[White "Sargissian, Gabriel"]
[Black "Grandelius, Nils"]
[Result "1-0"]
[WhiteTitle "GM"]
[BlackTitle "GM"]
[WhiteElo "2674"]
[BlackElo "2545"]
[WhiteFideId "13300881"]
[BlackFideId "1710400"]
[EventDate "2012.03.20"]
[EventType "swiss"]

1. c4 c5 2. Nf3 Nc6 3. Nc3 g6 4. e3 Nf6 5. d4 cxd4 6. exd4 d5 7. cxd5 Nxd5 8.
Qb3 Nxc3 9. Bc4 Nd5 10. Bxd5 e6 11. Bxc6+ bxc6 12. O-O Qd5 13. Qc3 Bg7 14. Bf4
O-O 15. Qe3 Rd8 16. h4 Bb7 17. Rfe1 Rac8 18. b4 c5 19. dxc5 Bxa1 20. Rxa1 Qd3
21. Bd6 Qxe3 22. fxe3 f6 23. b5 Kf7 24. Rf1 Bxf3 25. Rxf3 e5 26. e4 Rd7 27. Ra3
Rb7 28. Ra5 Ke6 29. Kf2 Rd8 30. a4 Rbd7 31. Ra6 Kf7 32. Ke3 h6 33. Kd3 f5 34.
Ke3 Re8 35. a5 Rb7 36. b6 Rc8 37. Rxa7 Rxa7 38. bxa7 Ra8 39. Bb8 Ke6 40. c6 Ke7
41. Kf3 h5 42. Ke3 Ke6 43. Kd3 Ke7 44. Kc4 fxe4 45. Kc3 1-0

[Event "13th EICC"]
[Site "Plovdiv BUL"]
[Date "2012.03.23"]
[Round "4.36"]
[White "Ipatov, Alexander"]
[Black "Georgiev, Kiril"]
[Result "0-1"]
[WhiteTitle "GM"]
[BlackTitle "GM"]
[WhiteElo "2561"]
[BlackElo "2671"]
[WhiteFideId "14116731"]
[BlackFideId "2900017"]
[EventDate "2012.03.20"]
[EventType "swiss"]

1. d4 Nf6 2. c4 e6 3. Nf3 b6 4. Nc3 Bb7 5. e3 Bb4 6. Bd3 O-O 7. O-O c5 8. Na4
cxd4 9. exd4 Re8 10. a3 Bf8 11. b4 d6 12. Re1 Nbd7 13. Nc3 a6 14. Bb2 g6 15. Rc1
Rc8 16. Bf1 Bg7 17. a4 d5 18. cxd5 exd5 19. Qb3 Nf8 20. b5 Rxe1 21. Rxe1 a5 22.
Nd1 Ne6 23. Ne3 Ne4 24. Rd1 Qd6 25. Ba3 Qf4 26. Bb2 h5 27. Be2 N6g5 28. Nf1 h4
29. h3 Bh6 30. Rd3 Bf8 31. N1h2 Bd6 32. Ng4 Rc7 33. Nfe5 Bc8 34. g3 Nxh3+ 35.
Kg2 hxg3 36. fxg3 Qg5 37. Kxh3 Bxe5 38. dxe5 Bxg4+ 39. Bxg4 Nf2+ 40. Kg2 Nxd3
41. Qxd3 Qxg4 0-1

[Event "13th EICC"]
[Site "Plovdiv BUL"]
[Date "2012.03.23"]
[Round "4.37"]
[White "Popovic, Dusan"]
[Black "Azarov, Sergei"]
[Result "0-1"]
[WhiteTitle "GM"]
[BlackTitle "GM"]
[WhiteElo "2561"]
[BlackElo "2667"]
[WhiteFideId "927031"]
[BlackFideId "13501470"]
[EventDate "2012.03.20"]
[EventType "swiss"]

1. g3 Nf6 2. Bg2 d5 3. Nf3 e6 4. O-O Be7 5. d3 c5 6. Nbd2 Nc6 7. e4 b6 8. Re1
Qc7 9. e5 Nd7 10. c4 O-O 11. cxd5 exd5 12. d4 Rd8 13. Nb1 Nf8 14. Nc3 Be6 15.
Be3 Qd7 16. Qd2 Rac8 17. h4 Bf5 18. Bg5 Bxg5 19. hxg5 Ne6 20. dxc5 Nxc5 21. Nh4
Be6 22. f4 d4 23. Nb5 Nxe5 24. Rxe5 Qxb5 25. f5 Bd7 26. g6 Bc6 27. gxf7+ Kxf7
28. f6 gxf6 29. Rh5 Qd3 30. Qxd3 Nxd3 31. Rxh7+ Kg8 32. Rxa7 Bxg2 33. Kxg2 Rc2+
34. Kf3 Rf2+ 35. Kg4 Rd5 36. Rd1 Ne5+ 37. Kh3 d3 38. Rc1 Rc5 39. Rd1 Rcc2 40. g4
Rxb2 41. Kg3 Rfe2 42. Rb7 Rb4 43. Nf5 Rxg4+ 44. Kh3 Rg5 45. Ne7+ Kf8 46. Nd5
Reg2 0-1

[Event "13th EICC"]
[Site "Plovdiv BUL"]
[Date "2012.03.23"]
[Round "4.38"]
[White "Gabrielian, Artur"]
[Black "Kryvoruchko, Yuriy"]
[Result "1/2-1/2"]
[WhiteTitle "GM"]
[BlackTitle "GM"]
[WhiteElo "2554"]
[BlackElo "2666"]
[WhiteFideId "4131002"]
[BlackFideId "14109182"]
[EventDate "2012.03.20"]
[EventType "swiss"]

1. e4 e5 2. Nf3 Nc6 3. Bb5 a6 4. Ba4 Nf6 5. O-O Be7 6. Re1 d6 7. c3 Bg4 8. h3
Bh5 9. d3 O-O 10. Nbd2 Nd7 11. Nf1 Nc5 12. Bc2 Ne6 13. Ng3 Bxf3 14. Qxf3 Bg5 15.
Nf5 Bxc1 16. Raxc1 g6 17. Ne3 a5 18. Rcd1 a4 19. a3 Qh4 20. Bb1 h5 21. Nd5 Kg7
22. Qe3 Rae8 23. d4 Ne7 24. dxe5 dxe5 25. Bc2 b5 26. Nb4 Rd8 27. Nd3 Qf6 28. Nc5
Rfe8 29. Nxe6+ Qxe6 30. Qc5 c6 31. Rxd8 Rxd8 32. Rd1 Rxd1+ 33. Bxd1 Nc8 34. Be2
Qd6 35. Qe3 Qb8 36. h4 f6 37. Qg3 Kf7 38. c4 Nd6 39. cxb5 cxb5 40. Qe3 Qc7 41.
b3 Qc2 42. bxa4 bxa4 43. f3 Ke6 44. Bf1 Qb1 45. Qc5 Qe1 46. Qa7 Qd1 47. Kf2 g5
48. hxg5 fxg5 49. Qe3 Qd4 50. g3 Kf6 51. Bd3 Qb2+ 52. Be2 Qd4 53. Qxd4 exd4 54.
Bd1 Nc4 55. Bxa4 Nxa3 56. f4 gxf4 57. gxf4 Nc4 58. Bb5 Ne3 59. Kg3 Kg6 60. Be2
Kh6 61. Bd3 Nd1 62. Kf3 Nb2 63. Bf1 h4 64. e5 Kg6 65. Ke4 d3 66. Ke3 Kf5 67.
Bh3+ Kg6 68. Kd2 Kf7 69. Bc8 Kg6 70. Kc3 Nd1+ 71. Kxd3 h3 72. Ke2 h2 73. Bb7
Nc3+ 74. Kd2 Na4 75. Be4+ Kh5 76. Ke3 Nc5 77. Bf3+ Kg6 78. Bg2 Kf5 79. Bh3+ Kg6
80. Bg2 Kf5 81. Kf3 Nd3 82. Bh3+ Kg6 83. Kg2 Nxf4+ 84. Kxh2 Nxh3 85. Kxh3 Kf5
86. Kg3 Kxe5 1/2-1/2

[Event "13th EICC"]
[Site "Plovdiv BUL"]
[Date "2012.03.23"]
[Round "4.39"]
[White "Bartel, Mateusz"]
[Black "Benidze, Davit"]
[Result "1/2-1/2"]
[WhiteTitle "GM"]
[BlackTitle "IM"]
[WhiteElo "2665"]
[BlackElo "2530"]
[WhiteFideId "1112635"]
[BlackFideId "13603086"]
[EventDate "2012.03.20"]
[EventType "swiss"]

1. e4 c5 2. Nf3 d6 3. d4 cxd4 4. Nxd4 Nf6 5. Nc3 Nc6 6. g3 g6 7. Nde2 Bg7 8. Bg2
O-O 9. O-O Ne5 10. h3 Bd7 11. Kh2 Qb6 12. Nf4 Rac8 13. Ncd5 Nxd5 14. Nxd5 Qd8
15. Bg5 Re8 16. c3 Bb5 17. Rg1 h6 18. Be3 e6 19. Nf4 Nc4 20. Bc1 Ba6 21. Nd3 Qc7
22. Nb4 Bb5 23. a4 Bd7 24. Ra2 a5 25. Nd3 Nb6 26. Be3 Nc4 27. Bc1 Nb6 28. f4 Qc4
29. Ra3 Qc6 30. f5 e5 31. Nf2 Kh7 32. Ng4 Rcd8 33. Rf1 Qc8 34. Ne3 Nc4 35. Qd5
Nxa3 36. Qxf7 Re6 37. fxe6 Bxe6 38. Qe7 Re8 39. Qh4 Nc4 40. Nd5 Bxd5 41. exd5
Rf8 42. Rxf8 Bxf8 43. Be4 Qe8 44. Qf6 Nb6 45. Be3 Nd7 46. Qf1 Be7 47. Qb5 Nf6
48. Qxe8 Nxe8 49. Kg2 Bd8 50. Kf3 Kg7 51. b4 Nf6 52. Bd2 Nd7 53. Bc2 Nf6 54. Bb3
g5 55. Ke3 Bb6+ 56. Kd3 e4+ 57. Kc4 Bf2 58. Bd1 Bxg3 59. Be3 Kg6 60. Bd4 Kf5 61.
bxa5 Be5 62. Bg1 h5 63. Kb5 Bxc3 64. Kb6 Nxd5+ 65. Kxb7 Bxa5 66. Bxh5 Bd2 67.
Kc6 Nf4 68. Bg4+ Ke5 69. Kb5 e3 70. a5 e2 71. Bxe2 Bxa5 72. Bg4 Be1 73. Bb6 Ke4
74. Bd8 Bh4 75. Kc4 d5+ 76. Kc3 Ng6 77. Bf6 Be1+ 78. Kc2 Bh4 79. Kc3 Nf4 80. Bd8
d4+ 81. Kd2 d3 82. Bd7 Kf3 83. Bc7 Kg2 84. Bxf4 1/2-1/2

[Event "13th EICC"]
[Site "Plovdiv BUL"]
[Date "2012.03.23"]
[Round "4.41"]
[White "Maiorov, Nikita1"]
[Black "Postny, Evgeny"]
[Result "1/2-1/2"]
[WhiteTitle "GM"]
[BlackTitle "GM"]
[WhiteElo "2552"]
[BlackElo "2662"]
[WhiteFideId "13501720"]
[BlackFideId "2804344"]
[EventDate "2012.03.20"]
[EventType "swiss"]

1. d4 Nf6 2. c4 e6 3. Nc3 Bb4 4. e3 d5 5. Nf3 O-O 6. Bd3 c5 7. O-O dxc4 8. Bxc4
b6 9. a3 Bxc3 10. bxc3 Qc7 11. Qe2 Bb7 12. Ne5 Nbd7 13. Nxd7 Qxd7 14. f3 Rac8
15. Bb2 Nd5 16. Bb5 Qe7 17. Bd3 c4 18. Bc2 e5 19. Rfe1 f5 20. dxe5 Qxe5 21. Qd2
Rce8 22. e4 Nf4 23. exf5 Ne2+ 24. Kf1 Bxf3 25. gxf3 Qxh2 26. Rxe2 Qh1+ 27. Kf2
Qh2+ 28. Kf1 Qh1+ 29. Kf2 Qh2+ 1/2-1/2

[Event "13th EICC"]
[Site "Plovdiv BUL"]
[Date "2012.03.23"]
[Round "4.42"]
[White "Fedoseev, Vladimir3"]
[Black "Khismatullin, Denis"]
[Result "0-1"]
[WhiteTitle "GM"]
[BlackTitle "GM"]
[WhiteElo "2548"]
[BlackElo "2656"]
[WhiteFideId "24130737"]
[BlackFideId "4142578"]
[EventDate "2012.03.20"]
[EventType "swiss"]

1. d4 e6 2. c4 b6 3. Nc3 Bb7 4. Qd3 f5 5. Nf3 Bb4 6. a3 Bxc3+ 7. Qxc3 Nf6 8. g3
d6 9. Bg2 O-O 10. O-O Nbd7 11. b4 Qe8 12. a4 a5 13. b5 Qh5 14. Qc2 Rae8 15. Ba3
f4 16. h3 Be4 17. Qd1 Qg6 18. Kh2 Qh6 19. Bc1 g5 20. Ra3 e5 21. Kg1 Re7 22. e3
Bxf3 23. Bxf3 fxg3 24. Bg2 gxf2+ 25. Rxf2 Qh4 26. Raa2 Rg7 27. Rf5 g4 28. hxg4
Rxg4 29. Raf2 Ne4 30. Rxf8+ Nxf8 31. Rc2 Ng6 32. c5 Kg7 33. cxb6 cxb6 34. dxe5
dxe5 35. Qf1 Ng5 36. Rc7+ Kh6 37. e4 Nf4 38. Bxf4 exf4 39. Rc6+ Kh5 40. Rc3 Nh3+
41. Kh1 Ng5+ 42. Kg1 Rxg2+ 43. Kxg2 f3+ 44. Rxf3 Qxe4 45. Qd3 Qxf3+ 46. Qxf3+
Nxf3 47. Kxf3 Kg5 48. Ke4 h5 49. Kd5 h4 50. Kc6 h3 51. Kxb6 h2 52. Ka7 h1=Q 53.
b6 Kf5 54. b7 Qg1+ 55. Ka8 Qg2 56. Ka7 Qf2+ 57. Ka8 Qf3 58. Ka7 Qe3+ 59. Ka8 Qe4
60. Ka7 Qd4+ 61. Ka8 Qd5 62. Ka7 Qc5+ 63. Ka8 Qc6 64. Ka7 Qc7 65. Ka8 Ke5 66.
b8=Q Qxb8+ 67. Kxb8 Kd5 68. Kc7 Kc5 0-1

[Event "13th EICC"]
[Site "Plovdiv BUL"]
[Date "2012.03.23"]
[Round "4.43"]
[White "Fridman, Daniel"]
[Black "Pridorozhni, Aleksei"]
[Result "1-0"]
[WhiteTitle "GM"]
[BlackTitle "GM"]
[WhiteElo "2653"]
[BlackElo "2524"]
[WhiteFideId "11600454"]
[BlackFideId "4127870"]
[EventDate "2012.03.20"]
[EventType "swiss"]

1. c4 e6 2. g3 d5 3. Bg2 c6 4. Qc2 Nf6 5. Nf3 dxc4 6. Qxc4 b5 7. Qb3 Bb7 8. d4
a6 9. O-O c5 10. dxc5 Nbd7 11. Be3 Bxc5 12. Bxc5 Nxc5 13. Qb4 Rc8 14. Rc1 Nd3
15. Rxc8 Nxb4 16. Rxd8+ Kxd8 17. Nc3 Ke7 18. Ne5 Bxg2 19. Kxg2 Nd7 20. Nxd7 Kxd7
21. a3 Nd5 22. Rd1 Kc6 23. Ne4 f6 24. Rc1+ Kb6 25. Nc5 Nc7 26. Nd7+ Kb7 27. b4
Re8 28. Nc5+ Kb6 29. Rd1 Kc6 30. Rd7 a5 31. Rxg7 Nd5 32. Nd3 a4 33. Rf7 Nc3 34.
Rxf6 Nb1 35. Nc5 Kd5 36. Rf3 Kc4 37. Nb7 Nxa3 38. Nd6+ Kxb4 39. Nxe8 Nc2 40. Rf7
a3 41. Ra7 Kc3 42. Rxh7 b4 43. Ra7 b3 44. Nd6 a2 45. Ne4+ Kb4 46. Rb7+ Ka3 47.
Nd2 a1=Q 48. Ra7+ Kb4 49. Rxa1 Nxa1 50. Nxb3 Nxb3 51. h4 Nd4 52. h5 Nf5 53. g4 1-0

[Event "13th EICC"]
[Site "Plovdiv BUL"]
[Date "2012.03.23"]
[Round "4.44"]
[White "Rodshtein, Maxim"]
[Black "Rasulov, Vugar"]
[Result "1-0"]
[WhiteTitle "GM"]
[BlackTitle "GM"]
[WhiteElo "2652"]
[BlackElo "2526"]
[WhiteFideId "2806851"]
[BlackFideId "13402390"]
[EventDate "2012.03.20"]
[EventType "swiss"]

1. d4 Nf6 2. c4 c5 3. d5 e6 4. Nc3 exd5 5. cxd5 d6 6. Nf3 g6 7. Bf4 a6 8. a4 Bg7
9. h3 O-O 10. e3 Ne8 11. Be2 Nd7 12. O-O h6 13. Bh2 Qe7 14. Nd2 Be5 15. Bxe5
Qxe5 16. Nc4 Qe7 17. a5 Rb8 18. Rb1 Ne5 19. Nb6 Nd7 20. Nca4 Nef6 21. b4 Qe5 22.
bxc5 dxc5 23. Bf3 Rd8 24. Nc4 Qe7 25. Qc2 Nh7 26. d6 Qh4 27. Qe4 Qf6 28. h4 g5
29. Bg4 gxh4 30. Qe7 Kg7 31. Rfd1 Qg6 32. Qxh4 Re8 33. Nc3 Ng5 34. Nd5 Re4 35.
Nf4 Qh7 36. Nb6 Nxb6 37. Rxb6 Bf5 38. d7 Bxg4 39. Qxg4 Rd8 40. Nh5+ Kh8 41. f4
Ra4 42. Rdd6 Ne6 43. Qh4 Qg8 44. Qf6+ Kh7 45. Rxe6 1-0

[Event "13th EICC"]
[Site "Plovdiv BUL"]
[Date "2012.03.23"]
[Round "4.49"]
[White "Heberla, Bartlomiej"]
[Black "Petrosian, Tigran L."]
[Result "1/2-1/2"]
[WhiteTitle "GM"]
[BlackTitle "GM"]
[WhiteElo "2525"]
[BlackElo "2643"]
[WhiteFideId "1115120"]
[BlackFideId "13301616"]
[EventDate "2012.03.20"]
[EventType "swiss"]

1. c4 Nf6 2. Nc3 e5 3. Nf3 Nc6 4. d4 exd4 5. Nxd4 Bb4 6. Bg5 h6 7. Bh4 O-O 8. e3
Bxc3+ 9. bxc3 Ne5 10. Nb5 Ng6 11. Bxf6 Qxf6 12. Qd4 Qc6 13. Nxa7 Rxa7 14. Qxa7
b6 15. Qa3 Bb7 16. Qb2 Ne5 17. Qd2 Re8 18. h4 Nxc4 19. Bxc4 Qxc4 20. f3 Re6 21.
Kf2 Rg6 22. Rag1 Bc6 23. h5 Rd6 24. Qe2 Qxc3 25. Rd1 Re6 26. Rd4 Re5 27. Qd2 Qa3
28. Rd3 Qc5 29. Rc1 Qe7 30. Rh1 Qc5 31. Rc1 Qe7 32. Rh1 Ra5 33. Qb2 Rg5 34. Rh3
Qc5 35. Rd4 Qe5 36. Rb4 Qd6 37. Rd4 Qe5 38. Rb4 Qd6 39. Rd4 Qf6 40. Rb4 Qe7 41.
Rg3 Rxg3 42. Kxg3 Bd5 43. Kf2 Be6 44. Ra4 Qc5 45. Ra8+ Kh7 46. Qb1+ f5 47. Qd3
Qc1 48. g4 Qh1 49. gxf5 Qh4+ 50. Kg2 Qg5+ 51. Kf2 Qh4+ 52. Kg2 Qg5+ 53. Kf2 Qh4+ 1/2-1/2

[Event "13th EICC"]
[Site "Plovdiv BUL"]
[Date "2012.03.23"]
[Round "4.50"]
[White "Najer, Evgeniy"]
[Black "Holzke, Frank"]
[Result "1-0"]
[WhiteTitle "GM"]
[BlackTitle "GM"]
[WhiteElo "2640"]
[BlackElo "2508"]
[WhiteFideId "4118987"]
[BlackFideId "4600428"]
[EventDate "2012.03.20"]
[EventType "swiss"]

1. d4 d5 2. c4 c6 3. Nf3 Nf6 4. Nc3 dxc4 5. a4 Bf5 6. Nh4 Bc8 7. e3 e5 8. Bxc4
exd4 9. exd4 Be7 10. O-O O-O 11. Re1 Na6 12. Bg5 Nc7 13. Qb3 Rb8 14. Nf3 Be6 15.
Rad1 Bxc4 16. Qxc4 Re8 17. Bf4 Bd6 18. Ne5 Nfd5 19. Bg3 f6 20. Nd3 Bxg3 21. hxg3
Kh8 22. Ne4 Nb6 23. Qf7 Re7 24. Nd6 Rxe1+ 25. Rxe1 Qxd6 26. Re7 Rg8 27. Rxc7
Qxd4 28. Re7 Qd5 29. Qxd5 Nxd5 30. Rxb7 Ra8 31. a5 h5 32. Nc5 Kh7 33. Ne6 Re8
34. Nxg7 Re1+ 35. Kh2 Kg6 36. Rxa7 f5 37. Rb7 Ra1 38. Ne6 Rxa5 39. Nd4 Rc5 40.
Rd7 Kf6 41. f4 Ne3 42. Rd6+ Kf7 43. Kh3 Rc1 44. Kh4 Rb1 45. Rxc6 Rxb2 46. Rc5
Kg6 47. Rc6+ Kf7 48. Rc3 Nxg2+ 49. Kxh5 Rb4 50. Rc7+ Ke8 51. Ne2 Re4 52. Rc2 Ne1
53. Ra2 Kf7 54. Ra7+ Kf6 55. Nc3 Rd4 56. Ra6+ Ke7 57. Ra5 Rd3 58. Re5+ Kf6 59.
Nd5+ Kg7 60. Re7+ Kf8 61. Rxe1 Rxd5 62. Re5 1-0

[Event "13th EICC"]
[Site "Plovdiv BUL"]
[Date "2012.03.23"]
[Round "4.51"]
[White "Nyback, Tomi"]
[Black "Gallagher, Joseph G."]
[Result "1/2-1/2"]
[WhiteTitle "GM"]
[BlackTitle "GM"]
[WhiteElo "2636"]
[BlackElo "2502"]
[WhiteFideId "503142"]
[BlackFideId "1303422"]
[EventDate "2012.03.20"]
[EventType "swiss"]

1. d4 Nf6 2. c4 g6 3. Nf3 Bg7 4. g3 O-O 5. Bg2 d6 6. O-O c6 7. Nc3 a6 8. e4 Bg4
9. h3 Bxf3 10. Bxf3 Nfd7 11. d5 b5 12. cxb5 axb5 13. dxc6 Nxc6 14. Nxb5 Nc5 15.
Be3 Bxb2 16. Rb1 Bg7 17. Bxc5 dxc5 18. e5 Nxe5 19. Bxa8 Qxa8 20. f4 Nc6 21. Qe2
Nd4 22. Nxd4 Bxd4+ 23. Kh2 Qd5 24. a4 Ra8 25. Qxe7 Qa2+ 26. Kh1 Qd5+ 27. Kh2
Qa2+ 28. Kh1 Qd5+ 29. Kh2 Qa2+ 1/2-1/2

[Event "13th EICC"]
[Site "Plovdiv BUL"]
[Date "2012.03.23"]
[Round "4.55"]
[White "Salgado Lopez, Ivan"]
[Black "Pancevski, Filip"]
[Result "1-0"]
[WhiteTitle "GM"]
[BlackTitle "IM"]
[WhiteElo "2621"]
[BlackElo "2470"]
[WhiteFideId "2257327"]
[BlackFideId "15002187"]
[EventDate "2012.03.20"]
[EventType "swiss"]

1. e4 g6 2. d4 Bg7 3. Nc3 c6 4. Be3 d6 5. Qd2 Nf6 6. Bh6 Bxh6 7. Qxh6 e5 8. dxe5
dxe5 9. Nf3 Qe7 10. Bc4 b5 11. Bb3 Be6 12. Ng5 Bxb3 13. axb3 Nbd7 14. O-O Ng8
15. Qg7 Qf6 16. Qxf6 Ngxf6 17. Ra6 Nb8 18. Ra2 Ke7 19. Rfa1 a6 20. Nf3 Nfd7 21.
b4 Rd8 22. Ne1 f6 23. Nd3 Nf8 24. Ne2 Ne6 25. Kf1 Ra7 26. Ra3 Rad7 27. Ke1 Rd6
28. Rc3 R6d7 29. Nec1 f5 30. Nb3 Kf6 31. f3 Rd6 32. Kf2 h5 33. Ke3 h4 34. h3 g5
35. exf5 Nf4 36. Nxf4 gxf4+ 37. Kf2 Kxf5 38. Re1 Rd1 39. Nc5 R8d2+ 40. Re2 Rd5
41. Nd3 Ra1 42. Re1 Ra2 43. Kf1 a5 44. bxa5 Rxa5 45. Nb4 Rd6 46. Rc5 Re6 47. b3
Ra3 48. Rd1 Na6 49. Nxa6 Rxa6 50. Rd8 Ra7 51. Rh8 Kg5 52. Rc8 Ra6 53. Ke2 Kf6
54. Rh8 Ke7 55. Rxh4 Ra1 56. Rg4 Rc1 57. Rg5 Kd6 58. Rc3 Ke7 59. Kd2 Rf1 60. Rd3
b4 61. Ke2 Rc1 62. Rd2 Rh1 63. Kf2 Rc1 64. h4 Rd6 65. Rg7+ 1-0